000 00779nam0a22002531 4500
001 rc\584132
005 20250621173414.0
035 _a(NLR Aleph) 005831288
090 _a5582894
_c5582894
100 _a20031121d1987 |||y0rusy50 ca
101 0 _arus
102 _aRU
105 _aa |||||||||
200 1 _aТиповое и повторное строительство в России в XVIII-XIX веках
205 _a2-е изд.
210 _aМ.
_cСтройиздат
_d1987
215 _a219, [3] с.
_cил.
_d17
320 _aБиблиогр. в примеч.: с. 209-219
700 1 _aОжегов
_bС.С.
_gСергей Сергеевич
801 0 _aRU
_bNLR
_gpsbo
801 1 _aRU
_bELAR
_2rusmarc
852 _aNLR
_j87-2/3018
942 _cBOOK
980 _aNB